| 000 | 01068nam a2200277 a 4500 | ||
|---|---|---|---|
| 001 | 000024355 | ||
| 005 | 20200930022935.0 | ||
| 008 | 110126s1975 sp r 001 0 spa d | ||
| 020 | _a8429711457 | ||
| 040 |
_aDO-SdBNP _bspa _cBNPHU |
||
| 041 | 1 | 7 |
_aspa _hfre _2Código de idiomas MARC |
| 082 |
_ann* _bnn* |
||
| 100 | 1 |
_aLenin, V. I. _945797 |
|
| 240 | 1 | 0 |
_aSur la littérature et l´art. _lEspañol |
| 245 | 1 | 0 |
_aEscritos sobre la literatura y el arte / _cV. I. Lenin ; selección y prólogo de Jean Fréville ; traducción de Jaume Fuster y Maria-Antónia Oliver. |
| 260 |
_aBarcelona : _bPenínsula, _c1975. |
||
| 300 |
_a230, [9] p. ; _c18 cm. |
||
| 490 | 1 |
_aEdiciones de bolsillo. _v440 |
|
| 534 |
_aTítulo de la edición original : _tSur la littérature et l´art |
||
| 500 | _aIncluye referencias bibliográficas y notas al pie de las páginas. | ||
| 700 | 1 |
_aFréville, Jean, _epról. _949950 |
|
| 700 | 1 |
_aFuster, Jaume, _etr. _947016 |
|
| 700 | 1 |
_aOliver, Maria-Antónia, _etr. _947017 |
|
| 830 | 0 |
_aEdiciones de bolsillo. _v440 _932426 |
|
| 049 | _aBNGR | ||
| 999 |
_c23848 _d23848 |
||